000 00321nam a2200133Ia 4500
008 220204s9999 xx 000 0 und d
082 _a577.125.53
_bHAW
100 _aAnsell, G B
245 0 _aPhospholipids
260 _aAmsterdam
_bElsevier
_c1982
650 _aPhospholipids
700 _aHawthorne, J N
942 _cBK
999 _c39989
_d39989